भारतीय जड़ी- बूटियों का इतिहास तथा प्रयोग / (Record no. 67766)
[ view plain ]
| 000 -LEADER | |
|---|---|
| fixed length control field | 00912 aa a2200217 4500 |
| 005 - DATE AND TIME OF LATEST TRANSACTION | |
| control field | 20120609145910.0 |
| 010 ## - LCCN (DPL NO) | |
| LC control number | |
| 020 ## - INTERNATIONAL STANDARD BOOK NUMBER | |
| Terms of availability | 200.00 |
| International Standard Book Number | |
| 035 ## - SYSTEM CONTROL NUMBER | |
| System control number | B-66973 |
| 037 ## - SOURCE OF ACQUISITION | |
| Source of stock number/acquisition | pub |
| 082 ## - DEWEY DECIMAL CLASSIFICATION NUMBER | |
| Classification number | 581.630954 |
| 100 ## - MAIN ENTRY--PERSONAL NAME | |
| Personal name | शर्मा, नरेन्द्र |
| 245 ## - TITLE STATEMENT | |
| Title | भारतीय जड़ी- बूटियों का इतिहास तथा प्रयोग / |
| Statement of responsibility, etc | नरेन्द्र शर्मा |
| 246 ## - VARYING FORM OF TITLE | |
| Title proper/short title | |
| Remainder of title | |
| 260 ## - PUBLICATION, DISTRIBUTION, ETC. (IMPRINT) | |
| Place of publication, distribution, etc | दिल्ली |
| Name of publisher, distributor, etc | जीवन ज्योति प्रकाशन |
| Date of publication, distribution, etc | 2001 |
| 270 ## - ADDRESS | |
| Address | |
| City | |
| Postal code | |
| 300 ## - PHYSICAL DESCRIPTION | |
| Extent | 192पृ |
| Dimensions | 22 सेमी (सजिल्द) |
| 490 ## - SERIES STATEMENT | |
| Series statement | |
| -- | 48784 |
| 942 ## - ADDED ENTRY ELEMENTS (KOHA) | |
| Institution code [OBSOLETE] | dpl |
| Item type | Hindi Books |
| Call number prefix | |
| Source of classification or shelving scheme | Dewey Decimal Classification |
| Classification part | 581.630954 |
| Call number suffix | शर्मान |
| Withdrawn status | Lost status | Not for loan | Collection code | Home library | Current library | Date acquired | Cost, normal purchase price | Full call number | Barcode | Cost, replacement price | Koha item type |
|---|---|---|---|---|---|---|---|---|---|---|---|
| Non-fiction | Sarojini Nagar | Sarojini Nagar | 09/06/2012 | 200.00 | 581.630954 शर्मान | B-66973 | 200.00 | Hindi Books |
